Vista normal
Vista MARC
Entrada Topical Term
Número de registros utilizados en: 5
001 - CONTROL NUMBER
- control field: 7740
003 - CONTROL NUMBER IDENTIFIER
- control field: OSt
005 - DATE AND TIME OF LATEST TRANSACTION
- control field: 20230915225909.0
008 - FIXED-LENGTH DATA ELEMENTS
- fixed length control field: 230915|| aca||aabn | a|a d
040 ## - CATALOGING SOURCE
- Original cataloging agency: OSt
- Transcribing agency: OSt
150 ## - HEADING--TOPICAL TERM
- Topical term or geographic name entry element: DISOLUCION MATRIMONIAL - LIQUIDACION
670 ## - SOURCE DATA FOUND
- Source citation: Work cat.: (OSt)19896: Quiroz Monsalvo, Aroldo Liquidación de sociedades conyugales y patrimoniales de hecho 7739, Manual de familia : , Doctrina y Ley